000 01199nas a2200337 4500
001 BR2013003447
003 BR-BrBNA
005 20231205122252.0
007 ta
008 230509b bl.|||p| |||| 00| 00por d
040 _aBR-BrBNA
_bpor
_cBiblioteca Nacional de Agricultura
041 _a(Pt)
072 _aL70; L40
100 1 _aAmaral, A.V.C.
100 1 _aChaves, N.S.T.
100 1 _aSilva, L.A.F.
100 1 _aFleury, L.F.F.
100 1 _aMenezes, L.B.
100 1 _aLima, F.G.
100 1 _aLima, A.M.V.
100 1 _a
245 1 _aEstudo clínico e histológico das pálpebras e conjuntiva hígidas submetidas ao tratamento tópico com soluções anestésicas em coelhos
246 1 _aClinical and histological evaluation of healthy eyelid and conjunctiva subject to local treatment with anesthetic solutions in rabbits
650 _aCOELHO
650 _aOLHO
650 _aMEDICAMENTO
773 0 _tArquivo Brasileiro de Medicina Veterinária e Zootecnia (Brazil)
_xISSN 0102-0935
_g(Feb 2013), v. 65(1) p. 67-74
_wBR2013003447
856 4 0 _uhttp://www.scielo.br/pdf/abmvz/v65n1/a11v65n1.pdf
909 _a202311
_bLúcia
_c55
_dLúcia Elande
942 _2AGRIS
_n0
_cANA
999 _c227784
_d227784